| 000 | 00403 a2200145 4500 | ||
|---|---|---|---|
| 040 |
_aDLC _bDLC |
||
| 082 | _a320.9172408 | ||
| 100 | _aPye, Lucian W. | ||
| 245 |
_aAspects of Policical Development _cLucian W. Pye |
||
| 260 |
_aIslamabad: _bNational Book Foundation. |
||
| 300 |
_aix, 205 p. ; _c23 cm. |
||
| 500 | _aIncludes Index | ||
| 650 | _aPolitical Development. | ||
| 942 |
_cBK _k320.9172408 PYE _2ddc |
||
| 999 |
_c7097 _d7097 |
||